Villes du Pays Basque - Carte Quiz - Statistiques

Statistiques générales
  • Ce quiz a été pris 3 313 fois
  • Le résultat moyen est 8 sur 20
Réponses sur la Carte
Les réponses sont colorées sur une échelle allant du rouge au vert en fonction du pourcentage des utilisateurs qui les ont devinées à leur premier essai. Vous pouvez retrouver ces pourcentages ci-dessous.
 
Statistiques - réponses
Réponse % Correct
Bayonne
65%
Biarritz
58%
Hendaye
58%
Saint-Sébastien
58%
Anglet
53%
Bilbao
51%
Pampelune
50%
Saint-Jean-de-Luz
50%
Irun
45%
Saint-Jean-Pied-de-Port
42%
Cambo-les-Bains
30%
Mauléon-Licharre
30%
Saint-Palais
29%
Vitoria-Gasteiz
27%
Urrugne
26%
Guernica
24%
Tudela
19%
Urepel
16%
Zarautz
15%
Estella-Lizarra
14%
Aucun quiz correspondant
Distribution des résultats
% des personnes avec chaque résultat
Percentile par nombre de réponses
Votre historique - résultats
Vous n’avez pas pris ce quiz